|
|
|
|
| LEADER |
00956naa a2200289 i 4500 |
| 001 |
publ32614 |
| 005 |
20250408111229.0 |
| 008 |
250408s1990 hu o 000 eng d |
| 020 |
|
|
|a 9072199065
|
| 024 |
7 |
|
|a 1375670
|2 mtmt
|
| 040 |
|
|
|a SZTE Publicatio Repozitórium
|b hun
|
| 041 |
|
|
|a eng
|
| 100 |
1 |
|
|a Janáky Tamás
|
| 245 |
1 |
0 |
|a Cytotoxic metallo-peptide analogs of gonadotropin-releasing hormone
|h [elektronikus dokumentum] /
|c Janáky Tamás
|
| 260 |
|
|
|a Escom Science Publishers B.V.
|b Leiden
|c 1990
|
| 300 |
|
|
|a 2
|
| 300 |
|
|
|a 190-191
|
| 490 |
0 |
|
|a Peptides: Chemistry, Structure and Biology
|
| 650 |
|
4 |
|a Kémiai tudományok
|
| 700 |
0 |
1 |
|a Bajusz S.
|e aut
|
| 700 |
0 |
1 |
|a Csernus Valér
|e aut
|
| 700 |
0 |
1 |
|a Bokser L.
|e aut
|
| 700 |
0 |
1 |
|a Fekete Mátyás
|e aut
|
| 700 |
0 |
1 |
|a Srkalovic G.
|e aut
|
| 700 |
0 |
1 |
|a Redding T. W.
|e aut
|
| 700 |
0 |
1 |
|a Schally A. V.
|e aut
|
| 856 |
4 |
0 |
|u http://publicatio.bibl.u-szeged.hu/32614/1/aok_klny_258_90.pdf
|z Dokumentum-elérés
|